A guide to conducting research (Record no. 13343)
[ view plain ]
| 000 -LEADER | |
|---|---|
| fixed length control field | 00268 a2200109 4500 |
| 245 ## - TITLE STATEMENT | |
| Title | A guide to conducting research |
| Remainder of title | : a student handbook |
| Medium | Text |
| 020 ## - INTERNATIONAL STANDARD BOOK NUMBER | |
| International Standard Book Number | 9781681810874 |
| 100 ## - MAIN ENTRY--PERSONAL NAME | |
| Personal name | MAGWA SIMUFOROSA |
| 100 ## - MAIN ENTRY--PERSONAL NAME | |
| Personal name | MAGWA WISEMAN |
| 260 ## - PUBLICATION, DISTRIBUTION, ETC. | |
| Date of publication, distribution, etc. | 2015 |
| 084 ## - | |
| -- | NONE |
No items available.